• 首页
  • 本馆介绍
  • 公告通知
  • 最新文献
  • 馆藏检索
  • 电子资源
  • 读者导购
  • 参考咨询
  • 我的图书馆
  • 登录
  • 详细信息显示
  • 放入我的书架
  • 预约/预借图书
  • 作者相关作品
  • 分类相关作品
  • 丛书相关作品
  • 出版社相关作品

书目信息

  • 表格格式
  • 工作单格式
  • 卡片格式
题名:
供应链管理
    
 
作者: 黄逸珺 著
分册:  
出版信息: 北京   人民邮电出版社  2015.10
页数: 388页
开本: 24cm
丛书名:
单 册:
中图分类: F274 , F252
科图分类:
主题词: 企业管理--供应链管理--研究 , 物资经济
电子资源:
ISBN: 978-7-115-40392-6
000 01008nam0 2200253 450
001 4555
005 20181012114517.45
010    @a978-7-115-40392-6@dCNY59.00
100    @a20151126d2015 em y0chiy0110 ea
101 0  @achi
102    @aCN@b110000
105    @ay z 000yy
200 1  @a供应链管理@9gong ying lian guan li@e在服务运营管理领域的理论与实践@f黄逸珺著
210    @a北京@c人民邮电出版社@d2015.10
215    @a388页@d24cm
330    @a本书共分7章,主要论述了供应链绩效评价所有指标的梳理与归集;绩效评价的两个实例应用;供应商选择与评价的方法总结及实例应用;供应链牛鞭效应的量化及应对策略实例分析;供应链采购决策感知风险的影响因素实证研究;用风险度量方法来衡量供应链采购全成本等。
517 1  @a在服务运营管理领域的理论与实践@9zai fu wu yun ying guan li ling yu de li lun yu shi jian
606 0  @a企业管理@x供应链管理@x研究
606 0  @a物资经济
690    @aF274@v5
690    @aF252@v4
701  0 @a黄逸珺@9huang yi jun@4著
801  0 @aCN@b91MARC@c20151126
905    @aMuseLib@dF252@e277
    
    供应链管理:在服务运营管理领域的理论与实践/黄逸珺著.-北京:人民邮电出版社,2015.10
    388页;24cm
    
    
    ISBN 978-7-115-40392-6:CNY59.00
    本书共分7章,主要论述了供应链绩效评价所有指标的梳理与归集;绩效评价的两个实例应用;供应商选择与评价的方法总结及实例应用;供应链牛鞭效应的量化及应对策略实例分析;供应链采购决策感知风险的影响因素实证研究;用风险度量方法来衡量供应链采购全成本等。
●
相关链接 在E读中查询图书 在五车中查询图书 在当当中查询图书 在豆瓣中查询图书


正题名:供应链管理     索取号:F252/277         预约/预借

序号 登录号 条形码 馆藏地/架位号 状态 备注
1 1125691   211256914   第一样本阅览室/ [索取号:F252/277] 在馆    
2 1125692   211256923   密集书库-数信学院/ [索取号:F252/277] 在馆    
3 1125693   211256932   第一借阅区/ [索取号:F252/277] 在馆    
4 1125694   211256941   第一借阅区/ [索取号:F252/277] 在馆    
5 1125695   211256950   第一借阅区/ [索取号:F252/277] 在馆    
唐山师范学院图书馆 欢迎您!
大连网信软件有限公司© 版权所有